Регионална библиотека "Любен Каравелов" - Русе

Стари хипари и нови разкази (Запис номер 508964)

MARC детайли
000 -Лидер
Контролно поле с фиксирана дължина 00936nam a22002417a 4500
003 - Код на организацията, давaща контролен номер
Контролно поле BLK
005 - Дата и час на последна редакция
Контролно поле 20250514090045.0
008 - Елементи от данни с фиксирана дължина
fixed length control field 220525b bu ||||| |||| 00| 0 bu d
020 ## - Международен стандартен номер на книга ISBN
Международен стандартен номер на книга ISBN 9789542846581
040 ## - Източник на каталожния запис
Идентификатор на билиотеката - собственик на записа BLK
041 ## - Код за език
Код за езика на текст/звукозапис или на отделно заглавие Български
Код за езика КДБФ Български
072 ## - Код за тематичната категория
Код за тематична категория Н84
Текст Българска художествена литература
080 ## - УДК
Текстов определител УДК Българска литература
УДК код - определител по УДК 821.163.2
УДК - код + определител 821.163.2-32
100 1# - Редна дума - Автор
R(LIN) 47854
Автор Вешим, Михаил
Пълна форма на името Мишев, Михаил Георгиев
Авторска отговорност първи автор
Дати, свързани с автора 17.09.1960 -
139 ## - Редно поле
Редна дума Вешим, Михаил
Авторски знак Вет - В 53
245 ## - Сведения за заглавието
Заглавие Стари хипари и нови разкази
Редно поле (дума) Михаил Вешим
257 ## - Страна на издаване
Страна на създаване/издаване България
260 ## - Област на издателските данни
Място на издаване, разпространение и проч. София
Име на издателя, разпространителя и проч. Сиела Норма
Година на издаване 2024
9 (RLIN) 217021
Издателство - префикс ISBN 978-954-28-
300 ## - Физическа характеристика
Страници 256 с.
Размери/Мащаб 22 см
380 ## - Жанр
Жанр Худож. лит.
942 ## - АРТИКУЛИ
Вид на библиотечния материал Книги
Скрит в OPAC Не
Периодичен библиозапис Да
Koha issues (borrowed), all copies 26
999 ## - СИСТЕМНИ КОНТРОЛНИ НОМЕРА
Koha biblionumber 508964
Koha biblioitemnumber 508964
944 ## - СЪЗДАВАНЕ И РЕДАКЦИЯ на ЗАПИСА
Създаване/Редакция
Дата на регистрацията/редакция Нора Радева
Служител, извършил регистрацията/редакцията 30542
Статус, дата на статуса Русанова Ирена
Наличности
Код за отписване Код за изгубен артикул Източник на класификационната схема Код за повреда Код за отдаване Артикулен № Име на библиотеката - собственик Име на библиотеката, в която се намира в момента Статус (Текущо местоположение) Дата на вписване в системата Местоположение - отдел Цена в лева Инвентарен номер Систематично азбучна сигнатура Баркод Цена в евро Служебен тип на артикула
  Не е изгубен Universal Decimal Classification Не е повреден заемане за дома 942353 Регионална библиотека "Любен Каравелов" Русе Регионална библиотека "Любен Каравелов" Русе Заемна - подръчен фонд 2024-04-17 Заемна - подръчен фонд 13.30 120000901376 821.163.2-32/В 53 М 120000901376 6.80 Книги
  Не е изгубен Universal Decimal Classification Не е повреден заемане за дома 942354 Регионална библиотека "Любен Каравелов" Русе Регионална библиотека "Любен Каравелов" Русе Заемна - подръчен фонд 2024-04-17 Заемна - подръчен фонд 13.30 120000901377 821.163.2-32/В 53 М 120000901377 6.80 Книги
Vip Innovations Ltd, Rousse, Bulgaria 2025